书目信息 |
| 题名: |
乐府文学史
|
|
| 作者: | 罗根泽 著 | |
| 分册: | ||
| 出版信息: | 济南 山东画报出版社 2019 |
|
| 页数: | 271页 | |
| 开本: | 21cm | |
| 丛书名: | ||
| 单 册: | ||
| 中图分类: | I207.209 , I207.2 | |
| 科图分类: | ||
| 主题词: | 乐府诗--诗歌史--中国--古代 | |
| 电子资源: | ||
| ISBN: | 978-7-5474-2723-1 | |
| 000 | 00829nam0 2200241 450 | |
| 001 | 2473632240 | |
| 005 | 20240105202750.04 | |
| 010 | @a978-7-5474-2723-1@dCNY35.80 | |
| 100 | @a20190508d2019 em y0chiy50 ea | |
| 101 | 0 | @achi |
| 102 | @aCN@b370000 | |
| 105 | @aa z 000yy | |
| 200 | 1 | @a乐府文学史@Ayue fu wen xue shi@f罗根泽著 |
| 210 | @a济南@c山东画报出版社@d2019 | |
| 215 | @a271页@c图@d21cm | |
| 300 | @a名家小史 图文版 | |
| 330 | @a本书是中国文学史上第一次详尽梳理、系统研究“乐府”的专著。以时间为序,分别对两汉、魏晋、南北朝和隋唐时期的乐府诗歌进行了综合性的分析与评述,论述了乐府文学自发生至衰落的演变迹略。 | |
| 606 | 0 | @a乐府诗@x诗歌史@y中国@z古代 |
| 690 | @aI207.209@v5 | |
| 690 | @aI207.2@v4 | |
| 701 | 0 | @a罗根泽@Aluo gen ze@f(1900-1960)@4著 |
| 801 | 0 | @aCN@b91MARC@c20190508 |
| 905 | @aZUCC@dI207.2@e73 | |
| 乐府文学史/罗根泽著.-济南:山东画报出版社,2019 |
| 271页:图;21cm |
| 名家小史 图文版 |
| ISBN 978-7-5474-2723-1:CNY35.80 |
| 本书是中国文学史上第一次详尽梳理、系统研究“乐府”的专著。以时间为序,分别对两汉、魏晋、南北朝和隋唐时期的乐府诗歌进行了综合性的分析与评述,论述了乐府文学自发生至衰落的演变迹略。 |
| ● |
| 相关链接 |
|
|
|
正题名:乐府文学史
索取号:I207.2/73
 
预约/预借
| 序号 | 登录号 | 条形码 | 馆藏地/架位号 | 状态 | 备注 |
| 1 | 2001734663 | 2001734663 | 辽宁北方(第一批)/辽宁北方(第一批)/450/ [索取号:I207.2/73] | 在馆 | |
| 2 | 2001734664 | 2001734664 | 辽宁北方(第一批)/辽宁北方(第一批)/450/ [索取号:I207.2/73] | 在馆 | |
| 3 | 2001734665 | 2001734665 | 辽宁北方(第一批)/辽宁北方(第一批)/450/ [索取号:I207.2/73] | 在馆 | |
| 4 | 2001734666 | 2001734666 | 辽宁北方(第一批)/辽宁北方(第一批)/450/ [索取号:I207.2/73] | 在馆 | |
| 5 | 2001734667 | 2001734667 | 辽宁北方(第一批)/辽宁北方(第一批)/450/ [索取号:I207.2/73] | 在馆 | |
| 6 | 2001734668 | 2001734668 | 辽宁北方(第一批)/辽宁北方(第一批)/450/ [索取号:I207.2/73] | 在馆 |